[Event "Tournoi GMI ECAM LaSalle Lyon 2024"]
[Site "?"]
[Date "2024.04.25"]
[Round "5.3"]
[White "Tahay, Alexis"]
[Black "Poetsch, Hagen"]
[Result "1-0"]
[WhiteElo "2382"]
[BlackElo "2460"]
[PlyCount "77"]
[EventDate "2024.04.??"]
[EventType "tourn"]

1. e4 {[%emt 0:00:02]} c5 {[%emt 0:00:06]} 2. Nf3 {[%emt 0:00:03]} d6 {
[%emt 0:00:06]} 3. d4 {[%emt 0:00:28]} cxd4 {[%emt 0:00:05]} 4. Nxd4 {
[%emt 0:00:03]} Nf6 {[%emt 0:00:07]} 5. Nc3 {[%emt 0:00:03]} Nc6 {
[%emt 0:00:05]} 6. Bg5 {[%emt 0:00:56]} e6 {[%emt 0:00:07]} 7. Qd2 {
[%emt 0:00:03]} a6 {[%emt 0:00:05]} 8. O-O-O {[%emt 0:00:05]} Bd7 {
[%emt 0:00:04]} 9. f4 {[%emt 0:00:13]} Be7 {[%emt 0:00:32]} 10. Be2 {
[%emt 0:00:05]} b5 {[%emt 0:05:11]} 11. Bxf6 {[%emt 0:01:49]} gxf6 {
[%emt 0:06:32]} 12. f5 {[%emt 0:00:44]} h5 {[%emt 0:03:02]} 13. fxe6 {
[%emt 0:05:44]} fxe6 {[%emt 0:00:06]} 14. Nxc6 {[%emt 0:00:03]} Bxc6 {
[%emt 0:00:09]} 15. Bf3 {[%emt 0:00:01]} Qa5 {[%emt 0:10:59]} 16. Kb1 {
[%emt 0:03:34]} O-O-O {[%emt 0:01:18]} 17. Qe3 {[%emt 0:03:47]} Kb7 {
[%emt 0:13:52]} 18. Ne2 {[%emt 0:09:48]} e5 {[%emt 0:07:45]} 19. Ng3 {
[%emt 0:00:28]} Be8 {[%emt 0:13:37]} 20. Nf5 {[%emt 0:02:36]} Bf8 {
[%emt 0:00:57]} 21. Rd3 {[%emt 0:02:39]} Rh7 {[%emt 0:02:46]} 22. Rhd1 {
[%emt 0:01:41]} Rhd7 {[%emt 0:00:07]} 23. Qe2 {[%emt 0:00:57]} Bf7 {
[%emt 0:00:49]} 24. b3 {[%emt 0:02:08]} Qb6 {[%emt 0:08:37]} 25. R3d2 {
[%emt 0:02:58]} h4 {[%emt 0:02:07]} 26. Qe1 {[%emt 0:02:03]} h3 {[%emt 0:01:57]
} 27. gxh3 {[%emt 0:02:50]} d5 {[%emt 0:01:21]} 28. exd5 {[%emt 0:00:15]} Bb4 {
[%emt 0:00:13]} 29. d6+ {[%emt 0:00:16]} Ka7 {[%emt 0:00:05]} 30. Ne7 {
[%emt 0:03:23]} Bxd2 {[%emt 0:18:28]} 31. Rxd2 {[%emt 0:00:12]} a5 {
[%emt 0:00:06]} 32. Nc6+ {[%emt 0:00:35]} Ka6 {[%emt 0:00:05]} 33. Nxd8 {
[%emt 0:00:17]} Rxd8 {[%emt 0:00:17]} 34. Qe4 {[%emt 0:03:18]} Be6 {
[%emt 0:00:57]} 35. h4 {[%emt 0:01:57]} a4 {[%emt 0:00:26]} 36. h5 {
[%emt 0:03:27]} a3 {[%emt 0:00:28]} 37. h6 {[%emt 0:01:54]} Qc5 {[%emt 0:01:11]
} 38. b4 {[%emt 0:06:04]} Qc3 {[%emt 0:00:34]} 39. Qb7# {[%emt 0:00:06]} 1-0

[Event "Tournoi GMI ECAM LaSalle Lyon 2024"]
[Site "?"]
[Date "2024.04.25"]
[Round "5.4"]
[White "Fedorchuk, Sergey A"]
[Black "Shyaamnikhil P"]
[Result "0-1"]
[WhiteElo "2557"]
[BlackElo "2390"]
[PlyCount "114"]
[EventDate "2024.04.??"]
[EventType "tourn"]

1. e4 {[%emt 0:00:45]} e5 {[%emt 0:00:28]} 2. Nf3 {[%emt 0:01:01]} Nc6 {
[%emt 0:00:09]} 3. Bc4 {[%emt 0:01:49]} Nf6 {[%emt 0:00:17]} 4. d3 {
[%emt 0:00:13]} Bc5 {[%emt 0:04:42]} 5. O-O {[%emt 0:02:36]} d6 {[%emt 0:01:34]
} 6. c3 {[%emt 0:03:03]} O-O {[%emt 0:01:56]} 7. h3 {[%emt 0:03:46]} h6 {
[%emt 0:07:08]} 8. Re1 {[%emt 0:02:46]} a5 {[%emt 0:01:58]} 9. Nbd2 {
[%emt 0:02:41]} Rb8 {[%emt 0:12:37]} 10. Bb5 {[%emt 0:11:44]} Ba7 {
[%emt 0:12:55]} 11. Nf1 {[%emt 0:08:48]} Ne7 {[%emt 0:03:55]} 12. Ng3 {
[%emt 0:01:05]} Ng6 {[%emt 0:04:14]} 13. d4 {[%emt 0:03:26]} c6 {[%emt 0:00:29]
} 14. Bd3 {[%emt 0:00:52]} Re8 {[%emt 0:02:03]} 15. Be3 {[%emt 0:04:00]} Bb6 {
[%emt 0:07:46]} 16. Qc2 {[%emt 0:03:19]} Bc7 {[%emt 0:07:56]} 17. Rad1 {
[%emt 0:01:53]} Bd7 {[%emt 0:04:58]} 18. a3 {[%emt 0:08:52]} b5 {[%emt 0:04:47]
} 19. b4 {[%emt 0:00:31]} Qc8 {[%emt 0:01:45]} 20. Qc1 {[%emt 0:04:21]} Kh7 {
[%emt 0:00:39]} 21. Bc2 {[%emt 0:02:14]} Ra8 {[%emt 0:02:39]} 22. Rd2 {
[%emt 0:14:46]} Be6 {[%emt 0:01:23]} 23. Qd1 {[%emt 0:02:55]} axb4 {
[%emt 0:02:00]} 24. axb4 {[%emt 0:03:37]} Ra3 25. d5 {[%emt 0:01:44]} Bd7 {
[%emt 0:00:56]} 26. dxc6 {[%emt 0:04:14]} Bxc6 {[%emt 0:00:11]} 27. Bb3 {
[%emt 0:00:03]} Rf8 {[%emt 0:00:18]} 28. Nh2 {[%emt 0:08:24]} Nxe4 {
[%emt 0:02:58]} 29. Nxe4 {[%emt 0:00:04]} Bxe4 {[%emt 0:00:05]} 30. Bxh6 {
[%emt 0:00:02]} Bxg2 {[%emt 0:00:36]} 31. Bxg7 {[%emt 0:01:09]} Kxg7 {
[%emt 0:00:23]} 32. Kxg2 {[%emt 0:00:10]} Rh8 {[%emt 0:00:42]} 33. Re3 {
[%emt 0:01:58]} Nf4+ {[%emt 0:00:23]} 34. Kg1 {[%emt 0:01:34]} Rxh3 {
[%emt 0:00:40]} 35. Rg3+ {[%emt 0:00:30]} Rxg3+ {[%emt 0:00:38]} 36. fxg3 Bb6+
{[%emt 0:00:13]} 37. Kh1 {[%emt 0:00:08]} Qa8+ {[%emt 0:00:08]} 38. Qf3 {
[%emt 0:00:45]} Qxf3+ {[%emt 0:06:08]} 39. Nxf3 {[%emt 0:00:01]} Rxb3 {
[%emt 0:00:19]} 40. gxf4 {[%emt 0:00:03]} Rxc3 {[%emt 0:00:10]} 41. Kg2 {
[%emt 0:01:32]} e4 {[%emt 0:03:54]} 42. Nd4 {[%emt 0:00:07]} e3 {[%emt 0:07:54]
} 43. Nxb5 {[%emt 0:00:33]} Rc1 {[%emt 0:00:14]} 44. Ra2 {[%emt 0:03:02]} d5 {
[%emt 0:00:12]} 45. Nd6 {[%emt 0:00:09]} Kf6 {[%emt 0:03:10]} 46. Kf3 {
[%emt 0:00:15]} Rf1+ {[%emt 0:01:29]} 47. Kg3 {[%emt 0:01:29]} Ke6 {
[%emt 0:00:44]} 48. Nb5 {[%emt 0:00:28]} Kd7 {[%emt 0:00:51]} 49. Nc3 {
[%emt 0:02:17]} d4 {[%emt 0:00:12]} 50. Kg2 {[%emt 0:00:02]} Rc1 {
[%emt 0:02:00]} 51. Na4 {[%emt 0:00:07]} Kc6 {[%emt 0:01:29]} 52. Nxb6 {
[%emt 0:01:58]} Kxb6 {[%emt 0:00:39]} 53. Kf3 {[%emt 0:00:03]} Rf1+ {
[%emt 0:00:09]} 54. Ke4 {[%emt 0:00:30]} Rf2 {[%emt 0:00:09]} 55. Ra1 {
[%emt 0:01:16]} Rd2 {[%emt 0:00:07]} 56. Kf3 {[%emt 0:00:41]} e2 {
[%emt 0:00:08]} 57. Rh1 {[%emt 0:00:22]} d3 {[%emt 0:00:12]} 0-1

[Event "Tournoi GMI ECAM LaSalle Lyon 2024"]
[Site "?"]
[Date "2024.04.25"]
[Round "5.5"]
[White "Pourramezanali, Amirreza"]
[Black "Crut, Aurelien"]
[Result "1-0"]
[WhiteElo "2502"]
[BlackElo "2312"]
[PlyCount "47"]
[EventDate "2024.04.??"]
[EventType "tourn"]

1. d4 {[%emt 0:00:03]} d5 {[%emt 0:00:09]} 2. c4 {[%emt 0:00:07]} e6 {
[%emt 0:00:06]} 3. Nf3 {[%emt 0:00:06]} Nf6 {[%emt 0:00:15]} 4. e3 {
[%emt 0:00:05]} c6 {[%emt 0:00:19]} 5. Bd3 {[%emt 0:00:06]} Nbd7 {
[%emt 0:02:18]} 6. O-O {[%emt 0:00:07]} Bd6 {[%emt 0:00:23]} 7. Nc3 {
[%emt 0:00:06]} O-O {[%emt 0:00:41]} 8. e4 {[%emt 0:00:08]} dxe4 {
[%emt 0:07:39]} 9. Nxe4 {[%emt 0:00:06]} Nxe4 {[%emt 0:00:08]} 10. Bxe4 {
[%emt 0:00:04]} c5 {[%emt 0:04:23]} 11. Bc2 {[%emt 0:10:14]} Qc7 {
[%emt 0:31:18]} 12. Re1 {[%emt 0:14:09]} b6 {[%emt 0:13:24]} 13. Qd3 {
[%emt 0:00:50]} g6 {[%emt 0:05:34]} 14. Bh6 {[%emt 0:00:06]} Re8 {
[%emt 0:03:57]} 15. Rad1 {[%emt 0:02:35]} Nf6 {[%emt 0:06:22]} 16. dxc5 {
[%emt 0:05:28]} Bxc5 {[%emt 0:01:04]} 17. Qc3 {[%emt 0:01:12]} Be7 {
[%emt 0:04:58]} 18. Ne5 {[%emt 0:23:50]} Rd8 {[%emt 0:06:43]} 19. Rxd8+ {
[%emt 0:21:52]} Bxd8 {[%emt 0:00:05]} 20. Nc6 {[%emt 0:01:08]} Nh5 {
[%emt 0:07:55]} 21. Nxd8 {[%emt 0:01:01]} Qxd8 {[%emt 0:00:04]} 22. Rd1 {
[%emt 0:01:40]} Qe7 {[%emt 0:00:42]} 23. Qa3 {[%emt 0:01:18]} Qe8 {
[%emt 0:00:54]} 24. Ba4 {[%emt 0:00:10]} 1-0

[Event "Tournoi GMI ECAM LaSalle Lyon 2024"]
[Site "?"]
[Date "2024.04.25"]
[Round "6.1"]
[White "Droin, Augustin"]
[Black "Gatineau, Yovann"]
[Result "1-0"]
[WhiteElo "2478"]
[BlackElo "2408"]
[PlyCount "75"]
[EventDate "2024.04.??"]
[EventType "tourn"]

1. e4 e6 {[%emt 0:09:20]} 2. d4 {[%emt 0:00:09]} d5 {[%emt 0:00:07]} 3. Nc3 {
[%emt 0:00:34]} Nf6 {[%emt 0:00:07]} 4. Bg5 {[%emt 0:00:07]} dxe4 {
[%emt 0:00:20]} 5. Nxe4 {[%emt 0:00:04]} Be7 {[%emt 0:00:14]} 6. Bxf6 {
[%emt 0:00:04]} gxf6 {[%emt 0:00:07]} 7. Nc3 {[%emt 0:00:19]} c6 {
[%emt 0:00:16]} 8. Nf3 {[%emt 0:00:17]} Qd6 {[%emt 0:03:46]} 9. Qd2 {
[%emt 0:02:45]} Nd7 {[%emt 0:02:07]} 10. Ne4 {[%emt 0:01:24]} Qc7 {
[%emt 0:02:09]} 11. Qh6 {[%emt 0:01:53]} b6 {[%emt 0:10:41]} 12. Qg7 {
[%emt 0:10:40]} Rf8 {[%emt 0:01:00]} 13. Qg3 {[%emt 0:00:06]} Qb8 {
[%emt 0:07:06]} 14. a4 {[%emt 0:06:38]} Bb7 {[%emt 0:02:56]} 15. Bd3 {
[%emt 0:03:53]} a6 {[%emt 0:03:19]} 16. c4 {[%emt 0:05:23]} c5 {[%emt 0:06:05]}
17. d5 {[%emt 0:00:08]} exd5 {[%emt 0:02:13]} 18. cxd5 {[%emt 0:00:13]} Bxd5 {
[%emt 0:01:15]} 19. O-O-O {[%emt 0:04:45]} Qxg3 {[%emt 0:12:03]} 20. hxg3 {
[%emt 0:00:39]} Bc6 {[%emt 0:06:07]} 21. Nc3 {[%emt 0:00:53]} Ne5 {
[%emt 0:05:28]} 22. Nxe5 {[%emt 0:02:44]} fxe5 {[%emt 0:00:06]} 23. Rh5 {
[%emt 0:00:06]} Bf6 {[%emt 0:08:11]} 24. Be4 {[%emt 0:00:10]} Bxe4 {
[%emt 0:01:40]} 25. Nxe4 {[%emt 0:00:04]} Ke7 {[%emt 0:00:35]} 26. Rd6 {
[%emt 0:01:11]} Bh8 {[%emt 0:00:40]} 27. Rxb6 {[%emt 0:00:09]} Rfb8 {
[%emt 0:01:45]} 28. Rxb8 {[%emt 0:02:14]} Rxb8 {[%emt 0:00:02]} 29. Rxh7 {
[%emt 0:00:06]} a5 {[%emt 0:02:03]} 30. g4 {[%emt 0:01:10]} Rg8 {[%emt 0:02:21]
} 31. f3 {[%emt 0:00:04]} Bf6 {[%emt 0:01:10]} 32. Rh5 {[%emt 0:03:02]} c4 {
[%emt 0:02:06]} 33. Kc2 {[%emt 0:00:12]} Rb8 {[%emt 0:01:02]} 34. Rh6 {
[%emt 0:00:08]} Bg7 {[%emt 0:00:25]} 35. Ra6 {[%emt 0:00:05]} Rh8 {
[%emt 0:00:39]} 36. Rxa5 {[%emt 0:00:33]} Rh2 {[%emt 0:00:05]} 37. Rb5 {
[%emt 0:00:06]} Rxg2+ {[%emt 0:00:05]} 38. Kc3 {[%emt 0:00:02]} 1-0

[Event "Tournoi GMI ECAM LaSalle Lyon 2024"]
[Site "?"]
[Date "2024.04.25"]
[Round "6.3"]
[White "Tahay, Alexis"]
[Black "Vlachos, Anatole"]
[Result "1/2-1/2"]
[WhiteElo "2382"]
[BlackElo "2482"]
[PlyCount "123"]
[EventDate "2024.04.??"]
[EventType "tourn"]

1. e4 {[%emt 0:00:20]} c6 {[%emt 0:00:05]} 2. d4 {[%emt 0:01:11]} d5 {
[%emt 0:00:04]} 3. Nd2 {[%emt 0:00:02]} dxe4 {[%emt 0:00:05]} 4. Nxe4 {
[%emt 0:00:02]} Nf6 {[%emt 0:00:13]} 5. Qd3 {[%emt 0:02:19]} Nxe4 {
[%emt 0:01:33]} 6. Qxe4 {[%emt 0:00:04]} Qd5 {[%emt 0:04:39]} 7. Qe3 {
[%emt 0:01:31]} Bf5 {[%emt 0:02:00]} 8. c3 {[%emt 0:02:14]} g6 {[%emt 0:08:23]}
9. Nf3 {[%emt 0:06:59]} Nd7 {[%emt 0:00:14]} 10. Be2 {[%emt 0:01:08]} h5 {
[%emt 0:03:06]} 11. c4 {[%emt 0:07:18]} Qa5+ {[%emt 0:03:16]} 12. Bd2 {
[%emt 0:03:17]} Qb6 {[%emt 0:00:02]} 13. O-O {[%emt 0:05:29]} Qxb2 {
[%emt 0:04:59]} 14. Bc3 {[%emt 0:06:32]} Qc2 {[%emt 0:09:41]} 15. d5 {
[%emt 0:08:50]} Bh6 {[%emt 0:00:11]} 16. Qd4 {[%emt 0:00:02]} f6 {
[%emt 0:01:34]} 17. Bd1 {[%emt 0:03:30]} Qd3 {[%emt 0:14:42]} 18. dxc6 {
[%emt 0:01:31]} bxc6 {[%emt 0:00:05]} 19. Ba4 {[%emt 0:01:19]} Rc8 {
[%emt 0:00:08]} 20. Rfe1 {[%emt 0:09:28]} Kf7 {[%emt 0:08:43]} 21. Rad1 {
[%emt 0:03:39]} Qxd4 {[%emt 0:00:35]} 22. Nxd4 {[%emt 0:00:02]} Nb6 {
[%emt 0:02:32]} 23. Bxc6 {[%emt 0:06:24]} e5 {[%emt 0:03:15]} 24. Nxf5 {
[%emt 0:00:08]} Rxc6 {[%emt 0:00:14]} 25. Nxh6+ {[%emt 0:00:07]} Rxh6 {
[%emt 0:00:02]} 26. Ba5 {[%emt 0:02:33]} Rxc4 {[%emt 0:03:29]} 27. Bxb6 {
[%emt 0:00:04]} axb6 {[%emt 0:00:06]} 28. Rd6 {[%emt 0:00:52]} Rb4 {
[%emt 0:01:41]} 29. a3 {[%emt 0:00:31]} Ra4 {[%emt 0:09:36]} 30. Re3 {
[%emt 0:01:51]} Rh8 {[%emt 0:01:43]} 31. Rf3 {[%emt 0:01:23]} f5 {
[%emt 0:00:45]} 32. Rg3 {[%emt 0:05:03]} Rg4 {[%emt 0:02:45]} 33. Rc3 {
[%emt 0:00:19]} Kg7 {[%emt 0:00:52]} 34. h3 {[%emt 0:00:36]} Rd4 {
[%emt 0:03:25]} 35. Rxb6 {[%emt 0:01:09]} Kh6 {[%emt 0:00:18]} 36. Rcc6 {
[%emt 0:03:11]} Rg8 {[%emt 0:00:37]} 37. Re6 e4 {[%emt 0:00:39]} 38. h4 {
[%emt 0:01:46]} e3 {[%emt 0:00:01]} 39. Rxe3 {[%emt 0:00:37]} Rxh4 {
[%emt 0:00:02]} 40. Rb4 {[%emt 0:00:43]} Rg4 {[%emt 0:05:16]} 41. f3 {
[%emt 0:03:30]} Rg5 {[%emt 0:00:49]} 42. Re2 {[%emt 0:03:34]} Rf8 {
[%emt 0:04:00]} 43. a4 {[%emt 0:01:36]} f4 {[%emt 0:00:22]} 44. Rb5 {
[%emt 0:00:29]} Ra8 {[%emt 0:00:50]} 45. Rxg5 {[%emt 0:00:04]} Kxg5 {
[%emt 0:00:05]} 46. Ra2 {[%emt 0:00:03]} Ra5 {[%emt 0:00:22]} 47. Kf2 {
[%emt 0:00:35]} Kh4 {[%emt 0:00:35]} 48. Ra1 {[%emt 0:00:09]} Kg5 {
[%emt 0:00:01]} 49. Ra2 {[%emt 0:02:23]} Kf5 {[%emt 0:04:12]} 50. Ke2 {
[%emt 0:00:21]} g5 {[%emt 0:00:35]} 51. Kd3 {[%emt 0:01:10]} g4 {[%emt 0:00:06]
} 52. fxg4+ {[%emt 0:00:10]} hxg4 {[%emt 0:04:39]} 53. Kc4 {[%emt 0:00:03]} f3
{[%emt 0:00:30]} 54. gxf3 {[%emt 0:00:02]} gxf3 {[%emt 0:00:02]} 55. Kb4 {
[%emt 0:00:08]} Re5 {[%emt 0:00:20]} 56. a5 {[%emt 0:01:30]} Re2 {
[%emt 0:00:05]} 57. Ra1 {[%emt 0:00:03]} f2 {[%emt 0:00:03]} 58. Rf1 {
[%emt 0:00:04]} Ke4 {[%emt 0:00:40]} 59. Kc5 {[%emt 0:00:45]} Rc2+ {
[%emt 0:00:42]} 60. Kb6 {[%emt 0:00:06]} Rb2+ {[%emt 0:00:03]} 61. Kc6 {
[%emt 0:00:07]} Ra2 {[%emt 0:00:04]} 62. Kb6 {[%emt 0:00:03]} 1/2-1/2

[Event "Tournoi GMI ECAM LaSalle Lyon 2024"]
[Site "?"]
[Date "2024.04.25"]
[Round "6.4"]
[White "Crut, Aurelien"]
[Black "Fedorchuk, Sergey A"]
[Result "0-1"]
[WhiteElo "2312"]
[BlackElo "2557"]
[PlyCount "142"]
[EventDate "2024.04.??"]
[EventType "tourn"]

1. e4 c5 {[%emt 0:03:12]} 2. Nf3 {[%emt 0:00:20]} d6 {[%emt 0:00:37]} 3. Bb5+ {
[%emt 0:00:18]} Nd7 {[%emt 0:00:09]} 4. a4 {[%emt 0:00:21]} Ngf6 {
[%emt 0:05:27]} 5. Nc3 {[%emt 0:01:05]} g6 {[%emt 0:03:34]} 6. a5 {
[%emt 0:01:44]} Bg7 {[%emt 0:00:29]} 7. O-O {[%emt 0:02:28]} O-O {
[%emt 0:00:30]} 8. a6 {[%emt 0:06:52]} Qc7 {[%emt 0:16:22]} 9. d3 {
[%emt 0:15:58]} Nb8 {[%emt 0:01:33]} 10. axb7 {[%emt 0:09:13]} Bxb7 {
[%emt 0:00:06]} 11. Bg5 {[%emt 0:04:30]} a6 {[%emt 0:00:36]} 12. Bc4 {
[%emt 0:01:50]} e6 {[%emt 0:00:39]} 13. Qd2 {[%emt 0:13:08]} Re8 {
[%emt 0:00:34]} 14. Bb3 {[%emt 0:06:01]} Nc6 {[%emt 0:00:44]} 15. Rfe1 {
[%emt 0:02:23]} Nd7 {[%emt 0:01:15]} 16. Ba4 {[%emt 0:03:17]} Reb8 {
[%emt 0:03:35]} 17. Bh6 {[%emt 0:04:15]} Bh8 {[%emt 0:00:30]} 18. h3 {
[%emt 0:04:31]} Nb6 {[%emt 0:01:42]} 19. Bxc6 {[%emt 0:01:10]} Bxc6 {
[%emt 0:00:21]} 20. Rab1 {[%emt 0:01:34]} a5 {[%emt 0:02:02]} 21. b3 {
[%emt 0:02:22]} Nd7 {[%emt 0:01:36]} 22. Bf4 {[%emt 0:01:35]} Rb4 {
[%emt 0:01:17]} 23. Rbd1 {[%emt 0:02:48]} a4 {[%emt 0:02:50]} 24. Nxa4 {
[%emt 0:01:35]} Bxa4 {[%emt 0:00:17]} 25. bxa4 {[%emt 0:00:03]} Rbxa4 {
[%emt 0:00:07]} 26. c4 {[%emt 0:04:53]} Ra3 {[%emt 0:03:10]} 27. Rc1 {
[%emt 0:02:45]} Rb8 {[%emt 0:02:29]} 28. Red1 {[%emt 0:02:54]} Rbb3 {
[%emt 0:03:18]} 29. Qe2 {[%emt 0:00:41]} Qb8 {[%emt 0:01:18]} 30. Rc2 {
[%emt 0:01:24]} Bg7 {[%emt 0:01:47]} 31. Kh2 {[%emt 0:00:46]} h6 {
[%emt 0:00:49]} 32. g3 {[%emt 0:01:10]} Kh7 {[%emt 0:05:20]} 33. Kg2 {
[%emt 0:00:23]} Nb6 {[%emt 0:00:13]} 34. Bc1 {[%emt 0:01:08]} Ra1 {
[%emt 0:01:59]} 35. Ra2 {[%emt 0:01:14]} Na4 {[%emt 0:03:26]} 36. Rxa1 {
[%emt 0:00:52]} Bxa1 {[%emt 0:01:53]} 37. Bd2 {[%emt 0:00:42]} Bg7 {
[%emt 0:00:17]} 38. Rc1 {[%emt 0:00:33]} Qb7 {[%emt 0:03:37]} 39. Rc2 {
[%emt 0:00:32]} Nb2 {[%emt 0:02:54]} 40. Ne1 {[%emt 0:00:20]} f5 {
[%emt 0:00:34]} 41. Bc1 {[%emt 0:10:23]} Na4 {[%emt 0:02:29]} 42. Bd2 {
[%emt 0:02:56]} Rb1 {[%emt 0:04:39]} 43. Nf3 {[%emt 0:05:24]} Rb3 {
[%emt 0:02:13]} 44. h4 {[%emt 0:04:17]} fxe4 {[%emt 0:02:22]} 45. Qxe4 {
[%emt 0:02:38]} Qxe4 {[%emt 0:00:11]} 46. dxe4 {[%emt 0:00:03]} Rb2 {
[%emt 0:00:03]} 47. Ne1 {[%emt 0:01:11]} Nb6 {[%emt 0:00:48]} 48. Rxb2 {
[%emt 0:05:47]} Bxb2 {[%emt 0:00:05]} 49. Nd3 {[%emt 0:00:11]} Nxc4 {
[%emt 0:00:17]} 50. Bf4 {[%emt 0:00:30]} Bd4 {[%emt 0:00:47]} 51. Kf1 {
[%emt 0:01:01]} h5 {[%emt 0:01:34]} 52. Ke2 {[%emt 0:00:10]} Kg7 {
[%emt 0:00:08]} 53. f3 {[%emt 0:00:18]} Kf7 {[%emt 0:03:53]} 54. Bc1 {
[%emt 0:00:20]} Ne5 {[%emt 0:02:06]} 55. Nf4 {[%emt 0:00:39]} Ba1 {
[%emt 0:00:46]} 56. Nh3 {[%emt 0:01:08]} c4 {[%emt 0:01:06]} 57. Ba3 {
[%emt 0:00:46]} d5 {[%emt 0:01:58]} 58. Ng5+ {[%emt 0:00:32]} Kf6 {
[%emt 0:00:04]} 59. Nh7+ {[%emt 0:00:39]} Kg7 {[%emt 0:00:32]} 60. Ng5 {
[%emt 0:00:09]} d4 {[%emt 0:00:05]} 61. f4 {[%emt 0:01:35]} d3+ {[%emt 0:01:34]
} 62. Kd1 {[%emt 0:00:13]} Ng4 {[%emt 0:01:15]} 63. Nxe6+ {[%emt 0:00:13]} Kf6
{[%emt 0:00:29]} 64. Nc5 {[%emt 0:00:26]} Bc3 {[%emt 0:00:28]} 65. Nd7+ {
[%emt 0:00:50]} Ke6 {[%emt 0:01:45]} 66. Nf8+ {[%emt 0:00:11]} Kf7 {
[%emt 0:00:20]} 67. Bc5 {[%emt 0:00:07]} Bb2 {[%emt 0:01:00]} 68. Kd2 {
[%emt 0:01:00]} Nf6 {[%emt 0:00:12]} 69. Ke3 {[%emt 0:00:29]} Bc1+ {
[%emt 0:01:05]} 70. Kf3 {[%emt 0:00:10]} c3 {[%emt 0:00:37]} 71. Bb4 {
[%emt 0:01:21]} c2 {[%emt 0:00:17]} 0-1

[Event "Tournoi GMI ECAM LaSalle Lyon 2024"]
[Site "?"]
[Date "2024.04.26"]
[Round "7.1"]
[White "Vlachos, Anatole"]
[Black "Poetsch, Hagen"]
[Result "0-1"]
[WhiteElo "2482"]
[BlackElo "2460"]
[PlyCount "76"]
[EventDate "2024.04.??"]
[EventType "tourn"]

1. e4 e6 {[%emt 0:00:09]} 2. d4 {[%emt 0:00:05]} d5 {[%emt 0:00:04]} 3. Nc3 {
[%emt 0:00:04]} Nf6 {[%emt 0:00:05]} 4. e5 {[%emt 0:00:03]} Nfd7 {
[%emt 0:00:06]} 5. f4 {[%emt 0:00:04]} c5 {[%emt 0:00:04]} 6. Nf3 {
[%emt 0:00:03]} Nc6 {[%emt 0:00:04]} 7. Be3 {[%emt 0:00:02]} cxd4 {
[%emt 0:00:15]} 8. Nxd4 {[%emt 0:00:05]} Qb6 {[%emt 0:00:06]} 9. a3 {
[%emt 0:00:02]} Bc5 {[%emt 0:00:07]} 10. Ncb5 {[%emt 0:00:03]} Nxd4 {
[%emt 0:01:30]} 11. Bxd4 {[%emt 0:00:14]} O-O {[%emt 0:00:07]} 12. b4 {
[%emt 0:00:30]} Bxd4 {[%emt 0:00:07]} 13. Qxd4 {[%emt 0:09:48]} f6 {
[%emt 0:02:13]} 14. exf6 {[%emt 0:00:29]} Rxf6 {[%emt 0:11:55]} 15. g3 {
[%emt 0:10:39]} a5 16. Qxb6 {[%emt 0:04:34]} Nxb6 {[%emt 0:00:06]} 17. c3 {
[%emt 0:15:23]} Bd7 {[%emt 0:04:40]} 18. Nd4 {[%emt 0:03:29]} axb4 {
[%emt 0:18:34]} 19. cxb4 {[%emt 0:00:02]} g5 {[%emt 0:00:41]} 20. fxg5 {
[%emt 0:02:05]} Rf7 {[%emt 0:02:31]} 21. Be2 {[%emt 0:02:19]} e5 {
[%emt 0:00:19]} 22. Nf3 {[%emt 0:00:17]} Nc4 {[%emt 0:18:09]} 23. O-O {
[%emt 0:04:02]} Bh3 {[%emt 0:02:19]} 24. Rfc1 {[%emt 0:02:10]} Bg4 {
[%emt 0:06:34]} 25. Bxc4 {[%emt 0:01:21]} Bxf3 {[%emt 0:00:05]} 26. Bb3 {
[%emt 0:00:05]} Rd8 {[%emt 0:02:32]} 27. Rc5 {[%emt 0:01:33]} Rf5 {
[%emt 0:04:30]} 28. h4 {[%emt 0:08:50]} e4 {[%emt 0:00:44]} 29. Re1 {
[%emt 0:01:43]} Kf7 {[%emt 0:02:24]} 30. g4 {[%emt 0:02:36]} Re5 {
[%emt 0:01:27]} 31. Kf2 {[%emt 0:00:49]} Ke7 {[%emt 0:02:16]} 32. Rg1 {
[%emt 0:07:23]} Kd6 {[%emt 0:07:28]} 33. Ke3 {[%emt 0:01:10]} b6 {
[%emt 0:00:47]} 34. Rc3 {[%emt 0:02:25]} Rde8 {[%emt 0:02:01]} 35. Re1 {
[%emt 0:06:23]} Bxg4 {[%emt 0:00:18]} 36. Kd4 {[%emt 0:00:02]} Bd7 {
[%emt 0:00:58]} 37. Rf1 {[%emt 0:00:17]} e3 {[%emt 0:01:29]} 38. Bc2 {
[%emt 0:12:10]} Re4+ {[%emt 0:01:10]} 0-1